Normal view
MARC view
Entry Topical Term
001 - CONTROL NUMBER
- control field: 1220
003 - CONTROL NUMBER IDENTIFIER
- control field: OSt
005 - DATE AND TIME OF LATEST TRANSACTION
- control field: 20110419170017.0
008 - FIXED-LENGTH DATA ELEMENTS
- fixed length control field: 110419|||a|||||| | ||| d
040 ## - CATALOGING SOURCE
- Original cataloging agency: OSt
- Transcribing agency: OSt
150 ## - HEADING--TOPICAL TERM
- Topical term or geographic name as entry element: Damages
- Geographic subdivision: Wales.
670 ## - SOURCE DATA FOUND
- Source citation: Work cat.: (OSt)0: Guidelines for the assessment of general damages in personal injury cases /, c2000.
